<?xml version="1.0" encoding="UTF-8"?><?xml-stylesheet type="text/xsl" href="static/style.xsl"?><OAI-PMH xmlns="http://www.openarchives.org/OAI/2.0/" xmlns:xsi="http://www.w3.org/2001/XMLSchema-instance" xsi:schemaLocation="http://www.openarchives.org/OAI/2.0/ http://www.openarchives.org/OAI/2.0/OAI-PMH.xsd"><responseDate>2026-04-17T03:11:58Z</responseDate><request verb="GetRecord" identifier="oai:www.recercat.cat:2445/154127" metadataPrefix="marc">https://recercat.cat/oai/request</request><GetRecord><record><header><identifier>oai:recercat.cat:2445/154127</identifier><datestamp>2025-12-04T21:41:01Z</datestamp><setSpec>com_2072_1057</setSpec><setSpec>col_2072_478917</setSpec><setSpec>col_2072_478933</setSpec></header><metadata><record xmlns="http://www.loc.gov/MARC21/slim" xmlns:dcterms="http://purl.org/dc/terms/" xmlns:xsi="http://www.w3.org/2001/XMLSchema-instance" xmlns:doc="http://www.lyncode.com/xoai" xsi:schemaLocation="http://www.loc.gov/MARC21/slim http://www.loc.gov/standards/marcxml/schema/MARC21slim.xsd">
   <leader>00925njm 22002777a 4500</leader>
   <datafield ind2=" " ind1=" " tag="042">
      <subfield code="a">dc</subfield>
   </datafield>
   <datafield ind2=" " ind1=" " tag="720">
      <subfield code="a">Hu, Min</subfield>
      <subfield code="e">author</subfield>
   </datafield>
   <datafield ind2=" " ind1=" " tag="720">
      <subfield code="a">Zhao, Hui</subfield>
      <subfield code="e">author</subfield>
   </datafield>
   <datafield ind2=" " ind1=" " tag="720">
      <subfield code="a">Sañudo Zotes, Eva Carolina</subfield>
      <subfield code="e">author</subfield>
   </datafield>
   <datafield ind2=" " ind1=" " tag="720">
      <subfield code="a">Chen, Min</subfield>
      <subfield code="e">author</subfield>
   </datafield>
   <datafield ind2=" " ind1=" " tag="260">
      <subfield code="c">2020-03-27T07:40:28Z</subfield>
   </datafield>
   <datafield ind2=" " ind1=" " tag="260">
      <subfield code="c">2020-03-27T07:40:28Z</subfield>
   </datafield>
   <datafield ind2=" " ind1=" " tag="260">
      <subfield code="c">2015-08-29</subfield>
   </datafield>
   <datafield ind2=" " ind1=" " tag="260">
      <subfield code="c">2020-03-27T07:40:28Z</subfield>
   </datafield>
   <datafield ind2=" " ind1=" " tag="520">
      <subfield code="a">Four new lanthanide-carboxylate coordination polymers of the formula [Ln3L4(phen)4(H2O)4](ClO4)·2H2O, (Ln = Dy (1), Tb (2), Ho (3) and Er (4), L = 2,3-naphthalenedicarboxylate and phen = 1,10-phenanthroline) were solvothermally synthesized. Their structures as well as magnetic and photoluminescent properties were completely investigated. Complexes 1-4 are isostructural and exhibit 1D ribbon-like chains with envelope-like sixteen-membered rings. The DyIII and TbIII complexes show the corresponding characteristic luminescence in the visible region and the ErIII complex shows luminescence in the near-infrared region upon excitation with UV rays. Studies on the magnetic properties are reported. The Dy(III) analog complex 1 exhibits slow magnetic relaxation and could be a new example of a Dy(III) SMM (single molecule magnet).</subfield>
   </datafield>
   <datafield tag="653" ind2=" " ind1=" ">
      <subfield code="a">Luminescència</subfield>
   </datafield>
   <datafield tag="653" ind2=" " ind1=" ">
      <subfield code="a">Propietats magnètiques</subfield>
   </datafield>
   <datafield tag="653" ind2=" " ind1=" ">
      <subfield code="a">Luminescence</subfield>
   </datafield>
   <datafield tag="653" ind2=" " ind1=" ">
      <subfield code="a">Magnetic properties</subfield>
   </datafield>
   <datafield ind2="0" ind1="0" tag="245">
      <subfield code="a">Four lanthanide-carboxylate coordination polymers with mixed 2,3-naphthalenedicarboxylate and phen ligands: syntheses, structures, luminescent and magnetic properties</subfield>
   </datafield>
</record></metadata></record></GetRecord></OAI-PMH>